000 00245nam a2200109Ia 4500
008 220204s9999 xx 000 0 und d
082 _a954
_bKUL
100 _aKuldip Nayar
245 0 _aIndia after Nehru
260 _aBombay
_bVikas
942 _cBK
999 _c25375
_d25375